000
00189 a2200085 4500
020
_a
978-0500517758
100
_a
Olivier Dupon
245
_a
The New Artisans
260
_b
Thames & Hudson
_c
2015
999
_c
13228
_d
13228